| 000 | 00785am a2200265a 44500 | ||
|---|---|---|---|
| 003 | AR-BaBNM | ||
| 005 | 20251128205401.0 | ||
| 008 | 257019s1997 #AR|||||||||||000 | spa|| | ||
| 020 | _a987-9187-06-7 | ||
| 040 | _cAR-BaBNM | ||
| 100 | 1 | _aRebuffo, Roxana | |
| 245 | 1 | 0 |
_aPlanificaciones _bguía didáctica para el docente : 6to año E.G.B. |
| 260 |
_aBuenos Aires _bProvisión Escolar _c1997 |
||
| 300 |
_a123 p. _btablas, diagr. |
||
| 650 | 4 | _aPLANIFICACION DEL PROGRAMA | |
| 650 | 4 | _aOBJETIVOS EDUCACIONALES | |
| 650 | 4 | _aACTIVIDADES DE APRENDIZAJE | |
| 653 | _aSEGUNDO CICLO DE LA EGB | ||
| 653 | _aCONTENIDOS CONCEPTUALES | ||
| 653 | _aCONTENIDOS PROCEDIMENTALES | ||
| 653 | _aCONTENIDOS ACTITUDINALES | ||
| 700 | 1 | _aLamas, Mónica | |
| 942 | _cBK | ||
| 998 | _cSILVI | ||
| 999 |
_c11193 _d11193 |
||